Invención de la Nación en Borges y Marechal : nacionalismo, liberalismo y populismo /
Guardat en:
| Autor principal: | |
|---|---|
| Format: | Electrònic eBook |
| Idioma: | espanyol |
| Publicat: |
Villa María, Córdoba, Argentina :
Eduvim,
[2020]
|
| Col·lecció: | JQKA libros.
|
| Matèries: | |
| Accés en línia: | Digitalia Hispánica |
| Etiquetes: |
Afegir etiqueta
Sense etiquetes, Sigues el primer a etiquetar aquest registre!
|
MARC
| LEADER | 00000nam a2200000Ii 4500 | ||
|---|---|---|---|
| 001 | DIGEDUV0264 | ||
| 003 | NyNyDIG | ||
| 006 | m o d | ||
| 007 | cr ||||||||||| | ||
| 008 | 240902s2020 ag ob 000 0 spa d | ||
| 035 | |a (OCoLC)1454785668 | ||
| 040 | |a DGITA |b eng |e rda |e pn |c DGITA | ||
| 020 | |a 9789876996334 |q eBook | ||
| 020 | |z 9789876996129 | ||
| 050 | 1 | 4 | |a PQ7797.B635 ebook |
| 100 | 1 | |a Blanco, Mariela, |e author. | |
| 245 | 1 | 0 | |a Invención de la Nación en Borges y Marechal : |b nacionalismo, liberalismo y populismo / |c Mariela Blanco. |
| 264 | 1 | |a Villa María, Córdoba, Argentina : |b Eduvim, |c [2020] | |
| 300 | |a 1 online resource. | ||
| 336 | |a text |b txt |2 rdacontent | ||
| 337 | |a computer |b c |2 rdamedia | ||
| 338 | |a online resource |b cr |2 rdacarrier | ||
| 347 | |a text file |2 rdaft | ||
| 347 | |b EPUB | ||
| 490 | 1 | |a JQKA | |
| 504 | |a Includes bibliographical references. | ||
| 588 | 0 | |a Online resource; title from ePub title page (Digitalia, viewed September 2, 2024) | |
| 600 | 1 | 0 | |a Borges, Jorge Luis, |d 1899-1986 |x Criticism and interpretation. |
| 650 | 0 | |a Marechal, Leopoldo, |d 1900-1970 |x Criticism and interpretation. | |
| 650 | 0 | |a Literature and politics. | |
| 650 | 0 | |a Nationalism in literature. | |
| 650 | 0 | |a Liberalism in literature. | |
| 650 | 0 | |a Populism in literature. | |
| 791 | 2 | |a Digitalia (Firm), |e distributor. | |
| 793 | 0 | |g Digitalia eBook Collection: |a Ediciones Eduvim | |
| 776 | 0 | 8 | |i Print version: |a Blanco, Mariela. |t Invención de la Nación en Borges y Marechal. |d Villa María, Córdoba, Argentina : Eduvim, [2020] |z 9789876996129 |
| 830 | 0 | |a JQKA libros. | |
| 856 | 4 | 0 | |3 Digitalia Hispánica |u https://digitalia.unach.elogim.com/a/158257/ |
| 910 | |a Premium collection: 2024 | ||